000 00498 a2200193 4500
005 20260102163937.0
008 260102b |||||||| |||| 00| 0 eng d
020 _a9789393322388
_cRs. 500.00
040 _aMAIN
082 _a371.904
_bM412S
100 _aMataniya, Aradhana
245 _aSamaveshi shiksha
260 _bKanishka Publishing House
_c2023
_aNew Delhi
300 _a148
650 _aEducation
650 _aSpecial Education
650 _aInclusive Education
942 _cBK
999 _c393813
_d393813